000 00326nam a22001337a 4500
008 181016b xxu||||| |||| 00| 0 eng d
020 _a9780072458725
041 _aeng
080 _a338
100 _a53
101 _aMAN
245 _aMnagement Information Systems DFor The Information
_cHaag .C
942 _2udc
_cBK
999 _c49846
_d49846